Estatísticas para Esportes por Termo #1

Clique aqui para jogar o quiz

Estatísticas Gerais

  • Esse quiz foi jogado 29 vezes
    (7 desde o último reset)
  • A pontuação média é 11 de 22

Estatísticas das Respostas

Termo Esporte % Correto
Escanteio (Tiro de Canto)Futebol
100%
Disco (ou Puck)Hóquei no Gelo
86%
CostasNatação
86%
Pick & RollBasquetebol
86%
OllieSkate
71%
FloreteEsgrima
71%
UppercutBoxe
71%
GroundstrokeTênis
71%
Peteca (ou Volante)Badminton
71%
Stiff ArmFutebol Americano
57%
PelotãoCiclismo
57%
SuplexLuta Livre
43%
Suicide SqueezeBeisebol
43%
BogeyGolfe
43%
ScrumRugby
29%
TimoneiroRemo
29%
YokozunaSumô
14%
Axel DuploPatinação Artística
14%
Tri-ligue (ou Turkey)Boliche
14%
Empunhadura CanetaTênis de Mesa
14%
Rebatida no TetoRaquetebol
0%
HuckUltimate Frisbee
0%

Distribuição das Pontuações

Percentil de Números Respondidos

Porcentagem de Pessoas com Cada Pontuação

Sua Pontuação Histórica

Você não jogou esse quiz desde o último reset